| 000 | 00836nam0a22002651 4500 | ||
|---|---|---|---|
| 001 | rc\210604 | ||
| 005 | 20260406060630.0 | ||
| 010 |
_a5-85094-026-Х _910000 |
||
| 035 | _a(NLR Aleph) 005460852 | ||
| 090 |
_a4953899 _c4953899 |
||
| 100 | _a20030307d1993 |||y0rusy50 ca | ||
| 101 | 0 | _arus | |
| 102 | _aRU | ||
| 105 | _aa ||||||||| | ||
| 200 | 1 |
_aТрактат о питании _fАр Эддар |
|
| 210 |
_aКомсомольск-на-Амуре _cИзд-во Комс.-на-Амуре госпединститута _d1993 |
||
| 215 |
_a113, [1] с. _cил. _d28 |
||
| 320 | _aБиблиогр.: с. 112 (36 назв.) | ||
| 700 | 0 |
_8rus _7ca _aЭддар _cйог _3RU\NLR\AUTH\7710823 _9120587 |
|
| 801 | 0 |
_aRU _bNLR _gpsbo |
|
| 801 | 1 |
_aRU _bELAR _2rusmarc |
|
| 852 |
_aNLR _j94-8/469 |
||
| 942 | _cBOOK | ||
| 980 | _aNB | ||